Tratado de Neurología / (Record no. 139540)

MARC details
000 -LEADER
campo de control de longitud fija 00786nam a2200205 4500
001 - NÚMERO DE CONTROL
campo de control 139540
003 - IDENTIFICADOR DE NÚMERO DE CONTROL
campo de control ES-MaACL
005 - FECHA Y HORA DE LA ÚLTIMA TRANSACCIÓN
campo de control 20231205202557.0
007 - CAMPO FIJO DE DESCRIPCIÓN FÍSICA--INFORMACIÓN GENERAL
campo de control de longitud fija t|
008 - DATOS DE LONGITUD FIJA--INFORMACIÓN GENERAL
campo de control de longitud fija 070214s1968 sp r ||||1| spa d
100 1# - ENTRADA PRINCIPAL--NOMBRE DE PERSONA
Nombre de persona Scheid, Werner.
9 (RLIN) 104274
245 10 - MENCIÓN DEL TÍTULO
Título Tratado de Neurología /
Mención de responsabilidad, etc. por el Dr. Werner Scheid ; con la colaboración del Dr. H. H. Wieck... [et al.] ; [traducción del Dr. F. J. Morales Belda ; prólogo del prof. Juan José López Ibor].
260 ## - PUBLICACIÓN, DISTRIBUCIÓN, ETC.
Lugar de publicación, distribución, etc. Madrid :
Nombre del editor, distribuidor, etc. Alhambra,
Fecha de publicación, distribución, etc. 1968.
300 ## - DESCRIPCIÓN FÍSICA
Extensión XXIII, 910 p. :
Otras características físicas il. ;
Dimensiones 25 cm.
700 1# - ENTRADA AGREGADA--NOMBRE PERSONAL
Nombre de persona Morales Belda, Francisco Javier.
9 (RLIN) 83018
700 1# - ENTRADA AGREGADA--NOMBRE PERSONAL
Nombre de persona Wieck, Hans Heinrich.
9 (RLIN) 116755
700 1# - ENTRADA AGREGADA--NOMBRE PERSONAL
Nombre de persona López Ibor, Juan José,
Fechas asociadas al nombre 1906-1991
9 (RLIN) 73703
852 ## - LOCALIZACIÓN
Ubicación ES-MaACL
Número de control de estantería C-35160
Sublocalización o colección R.68031
Holdings
Estatus retirado Estado de pérdida Estado de daño No para préstamo Biblioteca de origen Biblioteca actual Ubicación en estantería Fecha de adquisición Fuente de adquisición Total de préstamos Signatura topográfica completa Código de barras Visto por última vez Precio de reemplazo Tipo de ítem Koha
        Biblioteca del Ateneo de Madrid Biblioteca del Ateneo de Madrid Depósito 2 17/01/2008     C-35160 1145213 23/02/2023 23/02/2023 Libro impreso